Cechovnie artikule mäsiarov mijavských

Bibliographic Details
Format: Article
Language:Slovak

MARC

LEADER 00000nab a2200000uu 4500
001 vtls010910880
003 SK-MaSNL
005 20260225203047.0
008 230222|1880 xo |||||||||||||||||slo|
015 |a SNBRB 
035 |a (urnnbn)urn:nbn:sk:snk:ar-a083ih 
035 |a (uuid)fc5cca50-3dd0-4a25-93f9-1da5ff8be70f 
035 |a urn:nbn:sk:snk-ab907p 
040 |a SNKBUCL  |b slo  |c SNKBUCL  |e AACR2 
041 0 |a slo 
044 |a xo  |c SK 
245 0 0 |a Cechovnie artikule mäsiarov mijavských 
773 0 |t Slovenský letopis pre historiu, topografiu, archaeologiu a ethnografiu  |g Roč. 4, č. 4 (1880), s. 314-319 
954 |a odborná, vedecká literatúra pôvodná (slovenská)  |2 lita 
958 |a OND 
958 |a EUIPO 
958 |a article10 
999 |c 1984313  |d 1986243